[Event "EU Small Countries blitz op 8th"]
[Site "St Helier"]
[Date "2023.11.02"]
[Round "11"]
[White "Bourg, Nicolas"]
[Black "Strade, Arita"]
[Result "0-1"]
[WhiteElo "2038"]
[BlackElo "1818"]
[PlyCount "92"]
[EventDate "2023.11.02"]
[EventType "swiss (blitz)"]
[EventRounds "11"]
[EventCountry "GCI"]
[SourceTitle "CB46_2023"]
[SourceDate "2023.11.15"]
[SourceVersion "1"]
[SourceVersionDate "2023.11.15"]
[SourceQuality "1"]

1. e4 c5 2. Nf3 d6 3. d4 cxd4 4. Qxd4 Nc6 5. Bb5 Bd7 6. Bxc6 Bxc6 7. Nc3 e5 8. Qd3 h6 9. Be3 Nf6 10. h3 Be7 11. 0-0-0 Rc8 12. Kb1 0-0 13. g4 Qc7 14. Rdg1 Rfd8 15. g5 hxg5 16. Bxg5 b5 17. Nh4 b4 18. Nf5 g6 19. Nxe7+ Qxe7 20. Nd5 Bxd5 21. exd5 Kg7 22. Rg3 Rh8 23. Rf3 e4 24. Bxf6+ Qxf6 25. Qxe4 Qe5 26. Qxe5+ dxe5 27. Rd1 Rcd8 28. d6 Rh4 29. Re3 f6 30. Rb3 a5 31. a3 bxa3 32. bxa3 Rd4 33. Rxd4 exd4 34. Rb7+ Kh6 35. Rb6 Rd7 36. Kc1 Kg5 37. Kd2 Kf4 38. Kd3 Ke5 39. Rb5+ Kxd6 40. Rxa5 Ke6 41. Ra4 Ke5 42. Ra5+ Kf4 43. Ke2 Rc7 44. Kd3 g5 45. Rd5 Rc3+ 46. Kd2 Rxa3 0-1

[Event "Guernsey op 46th"]
[Site "St James"]
[Date "2022.10.18"]
[Round "3"]
[White "Strade, Arita"]
[Black "Stanners, Michael J"]
[Result "1-0"]
[WhiteElo "1918"]
[BlackElo "1751"]
[PlyCount "137"]
[EventDate "2022.10.16"]
[EventType "swiss"]
[EventRounds "7"]
[EventCountry "GCI"]
[SourceTitle "EXT 2024"]
[Source "ChessBase"]
[SourceDate "2023.10.10"]
[SourceVersion "1"]
[SourceVersionDate "2023.10.10"]
[SourceQuality "1"]

1. e4 c5 2. Nf3 d6 3. d4 cxd4 4. Nxd4 Nf6 5. Nc3 a6 6. Be2 e6 7. 0-0 Be7 8. Be3 0-0 9. a4 b6 10. Bf3 Ra7 11. a5 Nfd7 12. Na4 Rb7 13. Nxb6 Nxb6 14. axb6 Rxb6 15. Nb3 Rb7 16. c3 Nd7 17. Qc2 Rb8 18. Be2 Ra8 19. Ra5 Qc7 20. Rfa1 Nb8 21. Nd2 Bb7 22. Nc4 Nd7 23. f3 Rfe8 24. Bf2 Rec8 25. Bg3 Qc6 26. R5a2 Re8 27. Na5 Qc7 28. Nxb7 Qxb7 29. Bxa6 Qc7 30. Bb5 Rxa2 31. Rxa2 Qc5+ 32. Bf2 Qxb5 33. c4 Qc6 34. Ra7 Nf6 35. b4 d5 36. e5 Nd7 37. b5 Qc8 38. b6 Nb8 39. c5 Bf8 40. Rc7 Qa6 41. h4 Rc8 42. Qb2 g6 43. Ra7 Qc4 44. b7 Re8 45. Qb6 d4 46. Ra5 d3 47. Ra1 d2 48. Rd1 Qc2 49. Qb1 Qxb1 50. Rxb1 Rd8 51. Rd1 Kg7 52. Be3 f6 53. exf6+ Kf7 54. g4 e5 55. g5 Rd3 56. Kf2 Rd5 57. Ke2 Ke6 58. Bxd2 Bxc5 59. Rb1 Kd7 60. f4 e4 61. Be3 Ke6 62. Bxc5 Rxc5 63. Ke3 Kf5 64. f7 Rc3+ 65. Ke2 Nc6 66. f8Q+ Kg4 67. Qc8+ Kg3 68. Rg1+ Kh2 69. Qxc6 1-0

[Event "Guernsey op 46th"]
[Site "St James"]
[Date "2022.10.17"]
[Round "2"]
[White "Hunt, Harriet"]
[Black "Strade, Arita"]
[Result "1-0"]
[WhiteElo "2359"]
[BlackElo "1918"]
[PlyCount "135"]
[EventDate "2022.10.16"]
[EventType "swiss"]
[EventRounds "7"]
[EventCountry "GCI"]
[SourceTitle "EXT 2024"]
[Source "ChessBase"]
[SourceDate "2023.10.10"]
[SourceVersion "1"]
[SourceVersionDate "2023.10.10"]
[SourceQuality "1"]

1. e4 c5 2. Nf3 d6 3. d4 cxd4 4. Nxd4 Nf6 5. Nc3 a6 6. Be2 e5 7. Nb3 Nc6 8. 0-0 Be7 9. Be3 b5 10. f3 Bb7 11. Qd2 0-0 12. Nd5 Nxd5 13. exd5 Na7 14. a4 Bf6 15. axb5 Nxb5 16. c4 Na7 17. Na5 Qe7 18. Ra3 Bc8 19. b4 h6 20. c5 Bg5 21. cxd6 Bxe3+ 22. Rxe3 Qxd6 23. Nc4 Qf6 24. Rxe5 Nb5 25. Qe3 Rb8 26. Rb1 Nd6 27. Nxd6 Qxd6 28. Qd4 Bd7 29. Bd3 Bb5 30. Bf5 Qb6 31. Qc5 Rfd8 32. Rd1 Rd6 33. Rd4 Qd8 34. h4 Qf6 35. Rde4 Rdd8 36. Qd4 Qb6 37. h5 Qxd4+ 38. Rxd4 Rd6 39. Re7 Kf8 40. Rc7 Re8 41. Be4 Re7 42. Rc5 Re5 43. g4 Ke7 44. Rc7+ Kf6 45. Rd2 g6 46. hxg6 fxg6 47. Rh7 h5 48. Rg2 hxg4 49. Rxg4 Rg5 50. Rxg5 Kxg5 51. Kf2 Kf4 52. Rf7+ Kg5 53. Ke3 Rd8 54. f4+ Kh6 55. Rf6 Be8 56. Rxa6 Rb8 57. f5 Rxb4 58. fxg6 Rb7 59. Re6 Ba4 60. Kf4 Bb3 61. Ke5 Rd7 62. Rb6 Re7+ 63. Kf4 Ba4 64. d6 Rd7 65. Bf5 Ra7 66. Rb8 Bd7 67. Rh8+ Kg7 68. Rh7+ 1-0

[Event "EU Small Countries ol 5th"]
[Site "Andorra"]
[Date "2017.11.12"]
[Round "1.2"]
[White "Wojciechowski, Paul"]
[Black "Strade, Arita"]
[Result "1-0"]
[WhiteElo "1912"]
[BlackElo "1864"]
[PlyCount "69"]
[EventDate "2017.11.12"]
[EventType "team-tourn"]
[EventRounds "9"]
[EventCountry "AND"]
[SourceTitle "CBM 181 Extra"]
[Source "ChessBase"]
[SourceDate "2017.12.12"]
[SourceVersion "1"]
[SourceVersionDate "2017.12.12"]
[SourceQuality "1"]
[WhiteTeam "Jersey"]
[BlackTeam "Guernsey"]
[WhiteTeamCountry "GCI"]
[BlackTeamCountry "GCI"]

1. e4 c5 2. Nf3 Nc6 3. d4 cxd4 4. Nxd4 Nf6 5. Nc3 e6 6. Ndb5 d6 7. Bf4 e5 8. Bg5 a6 9. Na3 b5 10. Nd5 h6 11. Bxf6 gxf6 12. Bd3 Be6 13. Qf3 Bg7 14. c3 Rc8 15. Nc2 f5 16. exf5 Bxd5 17. Qxd5 0-0 18. Ne3 Re8 19. Qe4 Na5 20. 0-0 Nc4 21. Bxc4 bxc4 22. Rfd1 Qc7 23. Rd2 Kh8 24. Rad1 Bf8 25. Qh4 Red8 26. f6 Qc6 27. Nf5 Kh7 28. Rxd6 Rxd6 29. Rxd6 Qa4 30. Qg4 Qxa2 31. Ne7 Qb1+ 32. Rd1 Qxd1+ 33. Qxd1 Rb8 34. Qg4 Bxe7 35. Qg7# 1-0

[Event "Guernsey op 43rd"]
[Site "Vale"]
[Date "2017.10.20"]
[Round "6"]
[White "Frijling, Jeroen"]
[Black "Strade, Arita"]
[Result "0-1"]
[WhiteElo "1727"]
[BlackElo "1917"]
[PlyCount "66"]
[EventDate "2017.10.15"]
[EventType "swiss"]
[EventRounds "7"]
[EventCountry "GCI"]
[SourceTitle "CBM 181 Extra"]
[Source "ChessBase"]
[SourceDate "2017.12.12"]
[SourceVersion "1"]
[SourceVersionDate "2017.12.12"]
[SourceQuality "1"]

1. d4 Nf6 2. c4 e6 3. g3 d5 4. Bg2 Be7 5. Nf3 b6 6. 0-0 Bb7 7. Ne5 0-0 8. Qa4 Ne4 9. Nc3 f6 10. Nd3 Nxc3 11. bxc3 Qc8 12. cxd5 exd5 13. Nf4 c6 14. c4 g5 15. Nd3 Qe6 16. cxd5 cxd5 17. Ba3 Bxa3 18. Qxa3 Nc6 19. e3 Na5 20. Rac1 Rf7 21. Rc2 Nc4 22. Qb3 f5 23. Ne5 Nxe5 24. dxe5 Qxe5 25. Rfc1 Rg7 26. Qc3 Qd6 27. Qd4 Rd8 28. a4 h5 29. Bf1 f4 30. e4 dxe4 31. Bc4+ Kh8 32. Qb2 f3 33. Bf7 Qd1+ 0-1